000 00959nas a2200301 4500
001 BR2011006242
003 BR-BrBNA
005 20231205115653.0
007 ta
008 230509b bl.|||p| |||| 00| 00por d
040 _aBR-BrBNA
_bpor
_cBiblioteca Nacional de Agricultura
041 _a(En)
072 _aQ04
100 1 _aCavallini, D.C.U.
100 1 _aRoselino, M.N.
100 1 _aManzoni, M.S.J.
100 1 _aPauly-Silveira, N.D.
100 1 _aSylos, C.M. de
100 1 _aRossi, E.A.
245 1 _aIsoflavones supplementation of a probiotic fermented soy product: effects on quality characteristics and isoflavones profile
650 _aSOJA
650 _aFERMENTAÇÃO
650 _aANÁLISE ORGANOLÉPTICA
650 _aCOMPOSIÇÃO QUÍMICA
773 0 _tAlimentos e Nutrição (Brazil)
_xISSN 0103-4235
_g(Apr-Jun 2010), v. 21(2) p. 175-182
_wBR2011006242
909 _a202311
_bLúcia
_c55
_dLúcia Elande
942 _2AGRIS
_n0
_cANA
999 _c215149
_d215149